书目信息 |
| 题名: |
花结饰品
|
|
| 作者: | 云雨 编 | |
| 分册: | ||
| 出版信息: | 西安 陕西旅游出版社 2002 |
|
| 页数: | 48页 | |
| 开本: | 20cm | |
| 丛书名: | 《养老广场》丛书 | |
| 单 册: | ||
| 中图分类: | TS935.5 | |
| 科图分类: | ||
| 主题词: | 编织--手工 | |
| 电子资源: | ||
| ISBN: | 7-5418-1217-X | |
| 000 | 00632nam0 2200241 450 | |
| 001 | 0535509828 | |
| 005 | 20051108095657.96 | |
| 010 | @a7-5418-1217-X@dCNY8.60 | |
| 092 | @aCN | |
| 100 | @a20051108d2002 km y0chiy0120 ea | |
| 101 | 0 | @achi |
| 102 | @aCN@b610000 | |
| 105 | @aa z 000yy | |
| 200 | 1 | @a花结饰品@Ahua jie shi pin@f云雨编@Fyun yu bian |
| 210 | @a西安@c陕西旅游出版社@d2002 | |
| 215 | 1 | @a48页@d20cm |
| 225 | @a《养老广场》丛书@v8 | |
| 410 | 0 | @12001 @a《养老广场》丛书 |
| 606 | 0 | @a编织@x手工 |
| 690 | @aTS935.5@v4 | |
| 701 | 0 | @a云雨@Ayun yu@4编 |
| 801 | 0 | @aCN@bPFT@c20051108 |
| 905 | @a10447@dTS935.5@e27 | |
| 花结饰品/云雨编.-西安:陕西旅游出版社,2002 |
| 48页;20cm.-(《养老广场》丛书;8) |
| ISBN 7-5418-1217-X:CNY8.60 |
| ● |
| 相关链接 |
|
|
|
|
正题名:花结饰品
索取号:TS935.5/27
 
预约/预借
| 序号 | 登录号 | 条形码 | 馆藏地/架位号 | 状态 | 备注 |
| 1 | 0337821 | 203378219 | 第二样本阅览室/ [索取号:TS935.5/27] | 在馆 | |
| 2 | 0337822 | 203378228 | 第三借阅区/ [索取号:TS935.5/27] | 在馆 | |
| 3 | 0337823 | 203378237 | 第三借阅区/ [索取号:TS935.5/27] | 在馆 | |
| 4 | 0337824 | 203378246 | 第三借阅区/ [索取号:TS935.5/27] | 在馆 | |
| 5 | 0337825 | 203378255 | 第三借阅区/ [索取号:TS935.5/27] | 在馆 |